Đang tải...
Theory of Point Estimation
| Tác giả chính: | |
|---|---|
| Định dạng: | Printed Book |
| Ngôn ngữ: | English |
| Được phát hành: |
New york
John wiley & Sons
1983
|
| Phiên bản: | 1st ed. |
| Những chủ đề: |
| LEADER | 00478nam a2200145Ia 4500 | ||
|---|---|---|---|
| 008 | 101204s9999 xx 000 0 eng d | ||
| 100 | |a Lehmann, E L | ||
| 245 | |a Theory of Point Estimation | ||
| 250 | |a 1st ed. | ||
| 260 | |b John wiley & Sons |a New york |c 1983 | ||
| 300 | |a 506 | ||
| 650 | |a Inference | ||
| 942 | |c BK | ||
| 999 | |c 188260 |d 188260 | ||
| 952 | |0 0 |1 0 |4 0 |6 520_000000000000000_LEH_T |7 0 |9 207579 |a STA |b STA |c ST1 |d 2010-12-04 |i 825 |l 1 |o 520 LEH/T |p STA825 |r 2018-07-31 |s 2018-07-27 |w 2010-12-04 |y BK | ||